Statistics for Beatles Songs by Antonyms

Click here to take the quiz!

General Stats

  • This quiz has been taken 120 times
  • The average score is 15 of 20

Answer Stats

AntonymsSong% Correct
An Easy Night's DayA Hard Day's Night
98%
Good GirlBad Boy
95%
There Goes the MoonHere Comes the Sun
95%
Speed UpSlow Down
94%
Can Sell You HateCan't Buy Me Love
93%
Everywhere WomanNowhere Man
92%
Your're a WinnerI'm a Loser
91%
Moon QueenSun King
90%
The Day AfterThe Night Before
84%
You Overlooked Him Sitting HereI Saw Her Standing There
79%
The Outer DarknessThe Inner Light
79%
Without a Lot of Hindrance to Your EnemiesWith a Little Help From my Friends
79%
Yesterday Always ThinksTomorrow Never Knows
72%
Laugh Old Timer LaughCry Baby Cry
64%
The Genius Off the PlainThe Fool on the Hill
63%
Bad Night ShadowGood Day Sunshine
62%
Big AdultLittle Child
62%
Dawdle for my DeathRun for Your Life
52%
If You RiseIf I Fell
50%
PleasureMisery
39%

Score Distribution

Percentile by Number Answered

Percent of People with Each Score

Your Score History

You have not taken this quiz